[Event "VIE-ch U09"]
[Site "Ho Chi Minh City"]
[Date "2014.07.14"]
[Round "3"]
[White "Nguyen, Hai Dang"]
[Black "Nguyen, Tu Nam"]
[Result "0-1"]
[WhiteElo "1531"]
[BlackElo "1482"]
[PlyCount "68"]
[EventDate "2014.07.13"]
[EventType "swiss"]
[EventRounds "9"]
[EventCountry "VIE"]
[SourceTitle "EXT 2016"]
[Source "ChessBase"]
[SourceDate "2015.10.08"]
[SourceVersion "1"]
[SourceVersionDate "2015.10.08"]
[SourceQuality "1"]

1. c4 Nf6 2. Nc3 e6 3. d4 Bb4 4. Bd2 0-0 5. Nf3 b6 6. g3 Bb7 7. Bg2 d5 8. cxd5 Nxd5 9. Nxd5 Bxd2+ 10. Nxd2 Bxd5 11. Bxd5 Qxd5 12. 0-0 Qxd4 13. Rb1 Rd8 14. Nf3 Qxd1 15. Rfxd1 Nd7 16. Rbc1 c5 17. Kg2 Nf6 18. Ne5 Rxd1 19. Rxd1 g6 20. Kf3 Kg7 21. Kf4 Nd5+ 22. Ke4 Rd8 23. Rd3 Rc8 24. b3 b5 25. Rd2 Rc7 26. Kd3 a6 27. e4 Ne7 28. Kc3 f6 29. Nd3 c4 30. Nf4 Rc6 31. b4 Kf7 32. Rd8 Kg7 33. Ra8 h6 34. Kd4 e5+ 0-1

[Event "VIE-ch U09"]
[Site "Ho Chi Minh City"]
[Date "2014.07.13"]
[Round "2"]
[White "Vu, Huy Phong"]
[Black "Nguyen, Hai Dang"]
[Result "1-0"]
[WhiteElo "1472"]
[BlackElo "1531"]
[PlyCount "63"]
[EventDate "2014.07.13"]
[EventType "swiss"]
[EventRounds "9"]
[EventCountry "VIE"]
[SourceTitle "EXT 2016"]
[Source "ChessBase"]
[SourceDate "2015.10.08"]
[SourceVersion "1"]
[SourceVersionDate "2015.10.08"]
[SourceQuality "1"]

1. e4 c5 2. Nf3 d6 3. d4 cxd4 4. Nxd4 Nf6 5. Bd3 a6 6. c4 b6 7. Nc3 Bb7 8. 0-0 g6 9. f3 Bg7 10. Be3 Nc6 11. Nxc6 Bxc6 12. Qe2 Rc8 13. Qf2 Nd7 14. Rfd1 Bb7 15. Rac1 Nc5 16. Bxc5 bxc5 17. Kh1 Qa5 18. a3 Qb6 19. b4 Bd4 20. bxc5 Bxc5 21. Qa2 Qc7 22. Nd5 Bxd5 23. cxd5 Qa5 24. h3 0-0 25. a4 Bd4 26. Rb1 Rb8 27. Rxb8 Rxb8 28. Bxa6 Be5 29. Bd3 Qc3 30. a5 Rb3 31. a6 Ra3 32. Qb1 1-0